00370 a2200109 4500001001000000005001700010008004100027245010100068100002400169773005000193999001700243ART_4004820260410161842.0260409a 10aEl agotamiento de la instancia administrativa como presupuesto de acceso a la instancia judicial1 aMuratorio, Jorge I.0 tRAPg- Año 23, Nº 268 (ene. 2001)wREV5941 c24165d24165